000 00281nam a2200133Ia 4500
100 _aBainbridge/C.G
942 _cBK
654 _aWelding
245 _aTeach Yourself Welding
260 _bSt.Pauls House
_aLondon
_c1973
082 _a671.52
300 _a180
546 _aENGLISH
999 _c34362
_d34362